000 00804nam a22002417a 4500
003 UA-OsUOA
001 29392
007 ta
008 20041008b un ||||| |||| 00| 0 ukr d
090 _a82.09(477)
_bУ45
942 _cBK
040 _aUA-OsUOA
_bukr
_cUA-OsUOA
_dUA-OsUOA
245 _aУкраїнська література
_bматеріали І конгресу Міжнародної асоціації україністів (Київ, 27 серпня - 3 вересня 1990 р.)
_cред. О. Мишанич
300 _a320 с.
955 _a2
041 _aukr
080 _a82.09(477)
020 _a5-8104-0055-8
260 _aКиїв
_bОбереги
_c1995
044 _aUA
650 7 _a82 Література. Літературознавство
_2UDC
999 _c315779
_d315779